Managerial Reporting by Food Production Companies in Slovakia in 2017

Analýza manažérskych výkazov o sociálnych a environmentálnych účinkoch potravinárskych spoločností na Slovensku z roku 2017. Použitá obsahová analýza výročných správ.

Guardado en:
Detalles Bibliográficos
Autor principal: Pakšiová, Renáta, 1974-
Otros Autores: Lovciová, Kornélia, 1983-
Formato: Capítulo de libro
Lenguaje:inglés
Materias:
Etiquetas: Agregar Etiqueta
Sin Etiquetas, Sea el primero en etiquetar este registro!

MARC

LEADER 00000naa a2200000 4500
001 0259952
005 20251125095828.8
041 0 |a eng 
044 |a PL 
245 1 0 |a Managerial Reporting by Food Production Companies in Slovakia in 2017  |c Renáta Pakšiová, Kornélia Lovciová 
520 |a Analýza manažérskych výkazov o sociálnych a environmentálnych účinkoch potravinárskych spoločností na Slovensku z roku 2017. Použitá obsahová analýza výročných správ. 
610 2 0 |a správy výročné 
610 2 0 |a manažment 
610 2 0 |a potraviny 
610 2 0 |a environmentalistika 
610 2 0 |a javy sociálne 
100 1 |a Pakšiová, Renáta, 1974- 
700 1 |a Lovciová, Kornélia, 1983-